|
|
|
|
| LEADER |
00000cam a2200000 a 4500 |
| 001 |
vtls008768704 |
| 003 |
SK-MaSNL |
| 005 |
20260301093139.0 |
| 008 |
251031s2006 xo f 001 0dslo |
| 015 |
|
|
|a SNBA2006/06-03520
|
| 020 |
|
|
|a 8071497452
|q (viaz.)
|
| 040 |
|
|
|a SNK
|b slo
|c SNK
|e AACR2
|
| 041 |
1 |
|
|a slo
|h eng
|
| 044 |
|
|
|a xo
|c SK
|
| 072 |
|
7 |
|a 575
|x Všeobecná genetika. Všeobecná cytogenetika. Evolúcia
|2 konspekt
|
| 080 |
|
|
|a 575.858
|2 2001
|
| 080 |
|
|
|a 575.8
|2 2001
|
| 080 |
|
|
|a 575.827
|2 2001
|
| 080 |
|
|
|a (048.8)
|2 2001
|
| 100 |
1 |
|
|a Darwin, Charles,
|d 1809-1882
|4 aut
|9 85679
|
| 240 |
1 |
4 |
|a The origin of species
|l Slovensky
|
| 245 |
1 |
0 |
|a Pôvod druhov
|c Charles Darwin ; úvod Gillian Beer ; [z anglického originálu preložil Richard Cedzo]
|
| 250 |
|
|
|a 1. vyd.
|
| 260 |
|
|
|a Bratislava
|b Kalligram
|c 2006
|
| 300 |
|
|
|a 542 s.
|c 19 cm
|
| 490 |
1 |
|
|a Ad fontes
|
| 500 |
|
|
|a Terminol. slovník. Zozn. Chronologický prehľad
|
| 504 |
|
|
|a Reg.
|
| 650 |
0 |
7 |
|a darwinizmus
|2 SNKPH
|9 28532
|
| 650 |
0 |
7 |
|a evolúcia (biológia)
|2 SNKPH
|9 4347
|
| 650 |
0 |
7 |
|a prirodzený výber
|2 SNKPH
|9 202074
|
| 655 |
|
7 |
|a monografie
|2 SNKPH
|9 70139
|
| 700 |
1 |
|
|a Beer, Gillian
|4 aui
|9 425061
|
| 700 |
1 |
|
|a Cedzo, Richard
|4 trl
|9 21770
|
| 830 |
|
0 |
|a Ad fontes
|9 344970
|
| 919 |
|
|
|a 80-7149-745-2
|
| 968 |
|
|
|b ENG
|d 56/59
|
| 999 |
|
|
|c 676150
|d 678080
|
| 952 |
|
|
|a SNK
|b SNK
|y PREZ
|7 0
|p 17A0511600
|o snkSD 75696
|i snk2006/11483
|8 0
|0 0
|1 0
|4 0
|d 2006-06-07
|l 0
|r 2025-11-24 00:00:00
|w 2026-02-23
|
| 952 |
|
|
|a SNK
|b SNK
|y NEVYP
|7 0
|p 17A0511599
|o snkSD 75696 D1
|i snk2006/11484
|8 0
|0 0
|1 1
|4 0
|d 2006-06-07
|l 0
|r 2026-02-23 19:41:50
|w 2026-02-23
|